MARC

LEADER 00000nam0a2200000 4500
001 319652
005 20231102003212.0
035 |a (RuTPU)RU\TPU\book\345161 
090 |a 319652 
100 |a 20160606d1946 km y0rusy50 ca 
101 0 |a rus 
102 |a RU 
105 |a a z 000zb 
200 1 |a Минин и Пожарский  |f М. Н. Райхинштейн  |g сост. Н. А. Гейнике 
210 |a Москва  |c Изд-во Государственной Третьяковской галлереи  |d 1946 
215 |a 34 с.  |c 16 л. ил. 
225 1 |a Образы великих русских полководцев в искусстве  |v Вып. 3 
600 1 |a Минин  |b К. М.  |c нижегородский посадский человек, один из инициаторов и руководителй Ополчения  |c соратник Пожарского  |f ?-1616  |g Кузьма Минич  |2 stltpush  |3 (RuTPU)RU\TPU\pers\10768  |9 2384 
600 1 |a Пожарский  |g Дмитрий Михайлович  |b Д. М.  |c русский князь  |c боярин  |c полководец  |c народный герой  |f 1578-1642  |2 stltpush  |3 (RuTPU)RU\TPU\pers\1235 
606 1 |a Памятники  |x Скульптурные  |x Архитектурные  |2 stltpush  |3 (RuTPU)RU\TPU\subj\48047  |9 66926 
610 1 |a Россия 
610 1 |a история 
610 1 |a 17 век 
610 1 |a полководцы 
610 1 |a оплывание 
675 |a 725.94  |v 3 
700 1 |a Райхинштейн  |b М. Н. 
702 1 |a Гейнике  |b Н. А.  |4 220 
801 1 |a RU  |b 63413507  |c 20160606 
801 2 |a RU  |b 63413507  |c 20200205  |g RCR 
942 |c BK